| Registos Bibliográficos associados ao registo de autoridade |
|
Etiqueta de registo: 00254nam 2200025 450 001 2145375 003 http://id.bnportugal.gov.pt/bib/catbnp/2145375 100 ## $a20231003d2022 k y0pory01030103ba 101 0# $apor$deng 102 ## $aPT 105 ## $ay z 000yy 106 ## $ar 200 1# $a A importância da gestão do tempo$eestudo empírico em contexto insular e ultraperiférico$fLuís Filipe Seixas Sardinha$gorient. Áurea Sandra Toledo de Sousa, Eduardo Manuel de Almeida Leite 210 #9 $aPonta Delgada$c[s.n.],$d2022 215 ## $aXX, 269 f.$d30 cm 328 #1 $aTese dout. Ciências Económicas e Empresariais, (esp. Gestão), Fac. Economia e Gestão,
Univ. Açores, 2022 675 ## $a005.21(043)$vBN$zpor$31230150 675 ## $a331.31(043)$vBN$zpor$31301649 700 #1 $aSardinha,$bLuís Filipe Seixas$31895145 702 #1 $92$aSousa,$bÁurea$4727$31698356 702 #1 $aLeite,$bEduardo,$f1970-$4727$31547404 801 #0 $aPT$bBN$gRPC 966 ## $lBN$mFGMON$sP. 64309 V.$x1 971 ## $cdpenetra$d20231003 972 ## $e0$z0$d20231026$vasantos 973 ## $caalmeid$d20231023
Etiqueta de registo: 00254nam 2200025 450 001 2279972 003 http://id.bnportugal.gov.pt/bib/catbnp/2279972 010 ## $a978-989-36037-3-4 021 ## $aPT$b556845/25 100 ## $a20260313d2025 m y0pory01030103ba 101 0# $apor 102 ## $aPT 105 ## $ay z 000gy 106 ## $ar 200 1# $aRe(in)flexões líricas$e40 poemas aos 40 anos$fLuís Filipe Seixas Sardinha 205 ## $a1ª ed 210 #9 $aFunchal$cPonteditora,$d2025 215 ## $a[112] p.$d21 cm 675 ## $a821.134.3-1"20"$vBN$zpor$31023893 700 #1 $aSardinha,$bLuís Filipe Seixas$31895145 801 #0 $aPT$bBN$gRPC 856 41 $uhttp://rnod.bnportugal.gov.pt/ImagesBN/winlibimg.aspx?skey=&doc=2279972&img=220737&save=true 900 ## $aBIBNAC$d20260408 966 ## $lBN$mFGMON$sL. 181115 V.$x1 966 ## $lBN$mFGMON$sL. 181115 V.-D$x1 971 ## $cssilva$d20260313 972 ## $e0$z0$d20260408$vlrevez 973 ## $cigoulao$d20260325
|
|
|